[Event "Suedwestfalen Verbandsklasse 0102"]
[Site "Suedwestfalen"]
[Date "2001.10.28"]
[Round "3"]
[White "Seethaler, Peter"]
[Black "Schmidt, Volker1111"]
[Result "1/2-1/2"]
[WhiteElo "2034"]
[BlackElo "2004"]
[PlyCount "38"]
[EventDate "2001.09.09"]
[EventType "team"]
[EventRounds "9"]
[EventCountry "GER"]
[SourceTitle "EXT 2007"]
[Source "ChessBase"]
[SourceDate "2006.11.23"]
[SourceVersion "1"]
[SourceVersionDate "2006.11.23"]
[SourceQuality "1"]
[WhiteTeam "Hellertal"]
[BlackTeam "Halver"]
[WhiteTeamCountry "GER"]
[BlackTeamCountry "GER"]

1. d4 Nf6 2. Nf3 b6 3. c4 e6 4. g3 Bb7 5. Bg2 Be7 6. 0-0 0-0 7. Nc3 Ne4 8. Bd2 f5 9. d5 Bf6 10. Rc1 Qe7 11. a3 a5 12. dxe6 dxe6 13. Ne1 Nxc3 14. Bxc3 Bxg2 15. Nxg2 Nc6 16. Qc2 Rad8 17. Rfd1 Rxd1+ 18. Rxd1 Bxc3 19. Qxc3 Rd8 1/2-1/2